000 00829nam a22002177a 4500
003 BD-DhJNU
005 20260413045958.0
008 260413b |||||||| |||| 00| 0 eng d
020 _a9788171571505
040 _aBD-DhJNU
_bENG
_cBD-DhJNU
_dBD-DhJNU
082 _223
_a822.33 DUS
100 _aদত্ত, উৎপল
242 _aShakespeare's Social Consciousness /
_cUtpal Dutt
245 _aশেক্সপিয়ারের সমাজ চেতনা /
_cউৎপল দত্ত
250 _a4th ed.
260 _aকলকাতা :
_bএম সি সরকার অ্যান্ড সন্স,
_c1430 bn.
300 _a৫২৮ পৃ. :
_bচিত্র ;
_c২২ সেমি.।
650 _aইংরেজি সাহিত্য
650 _aEnglish literature
942 _2ddc
_cBK
_n0
999 _c2673
_d2673